000 00788nam a2200193 a 4500
001 000262037
003 AM-YeHGA
005 20250618071743.0
008 030915s1936 ||| 000 | arm d
040 _aAM-YeHGA
100 1 _aԴարբինյան, Մաթևոս Կարապետի,
_d1889-1937
_91906
245 1 0 _aԽալիչա :
_b(Յերկու բալլադ) /
_cՄ. Դարբինյան.
260 _aԹիֆլիս :
_bՊրոլետար օրաթերթի հրատ.,
_c1936.
300 _a56 էջ
_bնկ. ;
_c19 սմ.
440 0 _aՊրոլետարի գեղարվեստական-քաղաքական մասսայական գրադարան
505 0 _aԲովանդ.՝ Խալիչա, Մոհամմեդ Աբդուլլա
650 1 4 _aՀայ գրականություն
_xՊոեզիա
090 _c96190
999 _c94889
_d94889